Малогабаритные высоковольтные электронные пушки; Тезисы докладов на шестой Межвузовской научной конференции по электронным ускорителям, посвященной памяти академика АН УССР А. К. Вальтера

التفاصيل البيبلوغرافية
Parent link:Тезисы докладов на шестой Межвузовской научной конференции по электронным ускорителям, посвященной памяти академика АН УССР А. К. Вальтера.— 1966.— С. 65
المؤلف الرئيسي: Барсанов Ю. И.
مؤلفون آخرون: Окулов Б. В.
اللغة:الروسية
منشور في: 1966
الموضوعات:
التنسيق: MixedMaterials فصل الكتاب
KOHA link:https://koha.lib.tpu.ru/cgi-bin/koha/opac-detail.pl?biblionumber=592763

MARC

LEADER 00000naa0a2200000 4500
001 592763
005 20250901132206.0
035 |a (RuTPU)RU\TPU\tpu\5293 
090 |a 592763 
100 |a 20011210d1966 k||y0rusy50 ca 
101 0 |a rus 
102 |a RU 
200 1 |a Малогабаритные высоковольтные электронные пушки  |f Ю. И. Барсанов, Б. В. Окулов 
463 1 |t Тезисы докладов на шестой Межвузовской научной конференции по электронным ускорителям, посвященной памяти академика АН УССР А. К. Вальтера  |v С. 65  |d 1966 
610 1 |a электронные ускорители 
610 1 |a труды учёных ТПУ 
700 1 |a Барсанов  |b Ю. И. 
701 1 |a Окулов  |b Б. В. 
801 0 |a RU  |b 63413507  |c 20011210  |g PSBO 
801 2 |a RU  |b 63413507  |c 20080418  |g PSBO 
942 |c BK